000
00220 a2200097 4500
001
40768
100
_a
A Aziz
245
_a
Pakistan From Crisis to Crisis
260
_a
Karachi
_b
Royal Book Co.
_c
090
_c
25050
_d
25050
942
_a
NUST-CAE
_c
M
_c
16726
999
_c
275841
_d
275841